| 000 | 00715nam a2200229 i 4500 | ||
|---|---|---|---|
| 001 | 8580 | ||
| 003 | ES-MaACL | ||
| 005 | 20230906145506.0 | ||
| 008 | 920728s1992 sp ||||1| spa d | ||
| 020 | _a84-86152-85-2 | ||
| 080 | _a61(078) | ||
| 100 | 1 |
_aBaladrón Romero, Jaime. _924797 |
|
| 245 | 1 | 0 |
_aManual intensivo para el examen MIR / _cJ. Baladrón, D. Vega, B. Aldecoa. |
| 250 | _a1ª ed. | ||
| 260 |
_aMadrid : _bLuzán 5, _c1992. |
||
| 300 |
_aXV, 1305 p. : _bil. ; _c33 cm. |
||
| 650 | 1 | 4 |
_aMédicos internos residentes- _zEspaña. _9171683 |
| 700 | 1 |
_aVega Gutiérrez, Domingo. _9113606 |
|
| 700 | 1 |
_aAldecoa Álvarez, Belén. _919631 |
|
| 852 |
_aES-MaACL _jMesetón |
||
| 852 |
_aES-MaACL _jMesetón |
||
| 999 |
_c8580 _d8580 |
||